[Event "Leon"]
[Site "Leon"]
[Date "1991.??.??"]
[Round "?"]
[White "Magem Badals, Jordi"]
[Black "Todorcevic, Miodrag"]
[Result "1-0"]
[WhiteElo "2490"]
[BlackElo "2435"]
[Annotator "Stohl,I"]
[PlyCount "57"]
[EventDate "1991.06.??"]
[EventType "tourn"]
[EventRounds "9"]
[EventCountry "ESP"]
[EventCategory "10"]
[SourceTitle "CBM 025"]
[Source "ChessBase"]
[SourceDate "1991.12.01"]
[SourceVersion "1"]
[SourceVersionDate "1991.12.01"]
[SourceQuality "1"]

1. e4 g6 2. d4 Bg7 3. Nc3 d6 4. g3 Nc6 (4... Nf6 5. Bg2 O-O 6. Nge2 {-B07}) 5.
Be3 (5. d5 Ne5 (5... Nd4 $2 6. Nb1 a6 7. a4 {/\c3+-}) 6. Bg2 (6. f4 Nd7 7. Bg2
Ngf6 8. Nge2 c6 9. dxc6 bxc6 10. Be3 O-O 11. h3 Rb8 12. b3 Qa5 13. O-O Ba6 14.
Qe1 Nh5 $36 {Damljanovic,B-Todorcevic,M,Ljubljana 1989}) 6... Nf6 7. h3 O-O 8.
Nge2 c6 $132) (5. Nge2 $6 Bg4 $36) 5... e5 (5... Nf6 6. h3 e5 7. dxe5 dxe5 8.
Qxd8+ Nxd8 9. Bg2 Ne6 10. Nge2 c6 11. O-O-O Bf8 12. f4 Bc5 13. Bd2 $16 {
Cabrilo,G-D'Amore,C,New York op 1990-EXP 16}) 6. dxe5 Nxe5 7. h3 {N} (7. f4 Bg4
8. Be2 Nc4 9. Bd4 Bxe2 10. Ngxe2 Nf6 11. Qd3 Nb6 12. g4 Qd7 13. h3 Qc6 14.
O-O-O O-O-O 15. Ng3 Rhg8 16. Rhe1 Nfd7 17. Bxg7 Rxg7 18. Nd5 f6 19. Qd4 $14 {
(),Hort,V-Hickl,J,FRG-ch 1989-CBM 15}) 7... Nf6 8. f4 Ned7 9. Bg2 O-O 10. Nge2
Re8 11. O-O $14 {()} Nb6 (11... Nc5 12. Bxc5 $1 (12. e5 Nfd7 $132) 12... dxc5
13. Qxd8 Rxd8 14. e5 Ne8 15. Rfd1 $16) (11... Nxe4 $2 12. Nxe4 f5 13. Qd5+ {
/\Ng5+-}) 12. Bd4 c6 (12... Bd7 13. g4 Bc6 14. Ng3 {()}) 13. Re1 d5 14. exd5 (
14. e5 Nfd7 {/\c5,f6<=>}) 14... cxd5 (14... Nbxd5 $142 15. Nxd5 cxd5 (15...
Nxd5 16. Bxg7 Kxg7 17. Bxd5 cxd5 18. Qd4+ Kg8 19. Nc3 $36) 16. Nc3 Rxe1+ 17.
Qxe1 Bf5 18. Qf2 $14) 15. g4 $1 {פb6,Bc8} Be6 16. Ng3 Rc8 17. Qd3 (17. f5 gxf5
18. gxf5 Bd7 $132) 17... Nc4 18. b3 Nd6 19. Rad1 $16 Qa5 (19... Nde4 $142 $5 {
/\} 20. Ncxe4 dxe4 21. Nxe4 Nxe4 22. Bxe4 Bxd4+ 23. Qxd4 Qh4 $132) 20. f5 Bd7 (
20... gxf5 21. gxf5 Bd7 22. Rxe8+ $16) 21. Rxe8+ (21. Bxf6 $2 Rxe1+ $1 22. Rxe1
Bxf6 $19) (21. g5 $6 Rxe1+ 22. Rxe1 Nxf5 $1 23. gxf6 Nxd4 24. Qxd4 Rxc3 $13)
21... Rxe8 22. Nxd5 $1 Re1+ (22... Nxd5 23. Bxg7 Kxg7 24. Qxd5 Re1+ 25. Kh2 $18
) 23. Rxe1 Qxe1+ 24. Kh2 Nxd5 25. Bxg7 $18 Bc6 (25... Nf4 26. Qxd6 Qf2 $2 27.
Qf8#) 26. Bb2 (26. Bxd5 $2 Qf2+ 27. Kh1 Bxd5+ 28. Qxd5 Qxg3 $10) 26... Qf2 27.
Qd4 Qxd4 $8 28. Bxd4 Nb4 $2 (28... b6 29. Be5 $18) 29. Bc5 {[Stohl]} 1-0

[Event "GER CupT"]
[Site "Germany"]
[Date "1991.??.??"]
[Round "?"]
[White "Maus, Soenke"]
[Black "Hickl, Joerg"]
[Result "0-1"]
[WhiteElo "2400"]
[BlackElo "2480"]
[Annotator "Stohl,I"]
[PlyCount "128"]
[EventDate "1991.??.??"]
[EventType "team"]
[EventRounds "9"]
[EventCountry "GER"]
[SourceTitle "CBM 024"]
[Source "ChessBase"]
[SourceDate "1991.10.01"]
[SourceVersion "1"]
[SourceVersionDate "1991.10.01"]
[SourceQuality "1"]

1. e4 g6 2. d4 d6 3. Nc3 c6 4. Be2 (4. Be3 Bg7 (4... Nf6 5. Qd2 b5 6. Bd3 Nbd7
7. Nf3 b4 8. Ne2 c5 9. dxc5 Nxc5 10. Bxc5 dxc5 11. Rd1 e6 12. Ne5 Bd7 13. Qf4
$16 {Szalanczi,E-Szollosi,L,Budapest Noviki-C 1989-TD89_11}) 5. Qd2 b5 6. Bd3
Nd7 7. a4 $5 (7. f4 Ngf6 8. Nf3 Ng4 9. Bg1 Bb7 10. h3 Ngf6 11. O-O-O b4 12. Ne2
Qa5 13. Kb1 O-O 14. h4 c5 $36 {Prasad,D-Chernin,A,Subotica izt 1987-CBM 03})
7... b4 8. Nce2 Rb8 9. Nf3 Qc7 10. O-O Ngf6 11. c3 bxc3 12. Nxc3 $1 Rb3 13.
Rfc1 Qb8 14. Ra2 O-O 15. a5 c5 16. h3 cxd4 17. Nxd4 $16 {Chandler,M-Chernin,A,
OHRA I 1987-CBM 03}) 4... Bg7 5. Be3 b5 6. a3 (6. Qd2 Nf6 {/\} 7. e5 b4 $1 $132
) 6... Bb7 7. f4 Nd7 8. Nh3 $5 (8. Nf3 a6 9. O-O Ngf6 $13) 8... a6 9. O-O Qc7 (
9... Ngf6 10. e5 $36) 10. Nf2 Rd8 (10... c5 $5 $13) 11. Qe1 (11. Qd2 $5 c5 12.
d5 $14 {()}) 11... c5 12. dxc5 $5 (12. d5 Ngf6 $132 {/\e6}) 12... Nxc5 13. Bf3
Nd7 (13... Nf6 14. e5 dxe5 15. Bxc5 Bxf3 16. fxe5 Nd7 17. Bd6 $1 $18) 14. Nd3
Nb6 $5 (14... Ngf6 $2 15. e5 $36) 15. e5 Nc4 16. Bxb7 Qxb7 17. Bf2 dxe5 $6 (
17... Nh6 $5 18. b3 Nb6 19. exd6 Rxd6 20. Rd1 $14) 18. fxe5 Nh6 19. b3 Nb6 20.
Nc5 Qc8 (20... Qa8 21. Ne6 $1 $16) 21. N5e4 Nd7 $5 (21... Qc6 22. Nd6+ $1 $40)
(21... Qb7 22. Nf6+ Kf8 23. Rd1 $18) 22. e6 Ne5 $8 (22... fxe6 $2 23. Nd6+ exd6
24. Qxe6+ Kf8 25. Bg3+ $18) 23. Bb6 (23. exf7+ Nhxf7 24. Bb6 Rd7 $13) 23... f5
$1 24. Bxd8 Qxd8 25. Rd1 (25. Nc5 $2 Qd4+ 26. Qf2 Neg4) (25. Nf2 Qb6 26. a4 O-O
$146) 25... Qb6+ 26. Qf2 Qxe6 27. Nd5 O-O 28. Ng5 (28. Nc5 $142 Qd6 29. Nf4 $36
) 28... Qd6 29. h3 Nhf7 30. Nf4 $6 (30. Nxf7 Nxf7 $14) 30... Qxa3 31. Nge6 Rc8
$13 32. Nxg7 Kxg7 33. Ne6+ Kf6 34. g4 Nd6 $1 (34... Kxe6 $2 35. gxf5+ Kf6 36.
fxg6+ Kxg6 37. Qf5+ $18) 35. gxf5 (35. Rxd6 Qxd6 36. gxf5 g5 $13) 35... Nxf5
36. Ra1 Qd6 37. Nd4 e6 38. Rfd1 Qb6 $1 39. Nxf5 $2 (39. Rd2 $13) 39... Qxf2+
40. Kxf2 Rxc2+ $19 41. Ke3 gxf5 42. Rxa6 Rc3+ 43. Kd2 b4 $1 44. Ke2 Ng6 45. Rd4
(45. Rdd6 Nf4+ $19) 45... Rxb3 46. Rb6 Rxh3 47. Rdxb4 h5 48. Ra4 Rh2+ 49. Kf3
h4 50. Raa6 Ne5+ 51. Kf4 $8 (51. Ke3 $2 Nc4+) 51... Rf2+ 52. Ke3 Ng4+ 53. Kd3
Rf3+ 54. Kd2 Re3 55. Rb8 h3 56. Rh8 Rb3 57. Re8 Rb2+ 58. Kd3 h2 $1 59. Raxe6+
Kg5 60. Re1 (60. Rh8 Rb1) 60... Rg2 {/\Rg1-+} 61. Rg8+ Kf4 62. Rf1+ Nf2+ 63.
Ke2 Rxg8 64. Kxf2 Rg1 $1 {Stohl,I} (64... Rg1 65. Rxg1 hxg1=Q+ 66. Kxg1 Kg3 $19
) 0-1

[Event "Pamplona 9192 2nd"]
[Site "Pamplona"]
[Date "1991.??.??"]
[Round "3"]
[White "De la Villa Garcia, Jesus Maria"]
[Black "Ehlvest, Jaan"]
[Result "1-0"]
[WhiteElo "2470"]
[BlackElo "2605"]
[Annotator "Stohl,I"]
[PlyCount "75"]
[EventDate "1991.12.??"]
[EventType "tourn"]
[EventRounds "9"]
[EventCountry "ESP"]
[EventCategory "13"]
[SourceTitle "CBM 028"]
[Source "ChessBase"]
[SourceDate "1992.06.01"]
[SourceVersion "1"]
[SourceVersionDate "1992.06.01"]
[SourceQuality "1"]

1. e4 g6 2. d4 d6 3. Nc3 c6 4. Be3 (4. Bc4 Bg7 5. Qf3 $6 e6 6. Be3 Nd7 7. Qg3
d5 8. exd5 exd5 9. Bd3 Ne7 10. Nge2 O-O 11. Qh4 Nb6 12. g4 Nc4 13. Bxc4 dxc4
14. O-O-O Nd5 15. Bg5 f6 16. Bd2 Nxc3 17. Bxc3 Qd5 $15 {Seret,JL-Petursson,M,
Torcy op 1991-TD 91_02}) (4. f4 d5 $5 5. e5 (5. Nf3 dxe4 6. Nxe4 Bf5 7. Bd3 Bg7
8. c3 Qd5 9. Qe2 Nf6 10. Nxf6+ Bxf6 11. O-O Bxd3 12. Qxd3 Nd7 13. Qe2 O-O 14.
Ne5 Nxe5 15. dxe5 Bg7 16. Rd1 Qe6 17. Be3 f6 $10 {Kindermann,S-Hickl,J,Munich
1990-CBM 18}) 5... h5 6. Nf3 Bg4 7. h3 Bxf3 8. Qxf3 e6 9. g3 Qb6 10. a3 Ne7 11.
Ne2 c5 12. dxc5 Qxc5 13. Qb3 Nd7 14. Be3 Qa5+ 15. Bd2 Qc7 16. Nd4 Nc6 17. Qc3
Bc5 18. Nb3 Bb6 19. Be2 Rc8 20. O-O-O Na5 $1 21. Nxa5 Bxa5 $10 {Lanka,
Z-Chernin,A,Roma op 1990-TD 90_03}) (4. a4 Bg7 5. h3 Nf6 6. Nf3 O-O 7. Be3 {
-B08} b6 $5 {N} 8. Qd2 Bb7 9. Bh6 d5 10. Bxg7 Kxg7 11. exd5 (11. e5 $142 $14)
11... cxd5 12. Bd3 Nc6 13. O-O a6 14. Rfe1 Qc7 15. Ne5 Nxd4 16. Bxa6 Rxa6 17.
Qxd4 {Fernandez,JL-Ehlvest,J,Logrono 1991} Kg8 $13) 4... b5 $6 (4... Nf6 {-B06}
) 5. d5 $1 a6 (5... b4 6. Qd4 $16) 6. a4 (6. dxc6 $142 Nxc6 7. a4 $1 bxa4 (7...
b4 8. Nd5 Rb8 $8 9. a5 $1 Nxa5 10. Bb6 $1 Rxb6 11. Qd4 $16) 8. Rxa4 $36) 6...
b4 7. Na2 (7. Qd4 $5 Nf6 (7... bxc3 8. Qxh8 Nf6 9. Bh6 $18) 8. Qxb4 Bg7 9. Nf3
$14) 7... Nf6 8. f3 (8. Nxb4 $6 c5 $15 {/\Ne4}) 8... a5 (8... cxd5 $142 $5 9.
exd5 a5 $13) 9. dxc6 Nxc6 10. Bb5 Bd7 11. c4 (11. c3 $5 $14) 11... Bg7 (11...
bxc3 12. Nxc3 $36) 12. Ne2 O-O 13. b3 Ne8 14. Bxc6 Bxc6 15. Nd4 $14 {()} Bb7
16. O-O Nc7 17. Qd2 Na6 (17... f5 $5 18. exf5 gxf5 19. Bh6 Bxh6 20. Qxh6 e5 {
/\Qf6<=>,פa2}) 18. Rad1 Nc5 19. Nc1 Rc8 20. Rfe1 Re8 21. Qf2 Ba6 22. Qg3 Be5
23. Qf2 Qc7 (23... Bg7 24. Qh4 {/\Bh6|^}) 24. Qh4 Bf6 25. Bg5 Bg7 26. Bh6 Bh8 (
26... Bf6 $142 27. Bg5 Bg7) 27. Kh1 e6 28. h3 f5 $6 (28... Qd8 29. Bg5 $14) 29.
exf5 exf5 (29... gxf5 $2 30. Qg5+ Bg7 $8 (30... Kf7 31. Nxf5 $1 exf5 32. Qh5+
$18) 31. Nd3 $40 {עg8,Pe6,d6}) 30. Nce2 {><d5,/\Nf4} Qf7 (30... Re5 31. Nf4
Rce8 32. Nd5 $16) 31. Nf4 $1 Rxe1+ $2 (31... Re5 $8 32. Nd5 $16 {-30...Re5})
32. Rxe1 Bxd4 (32... Re8 33. Nc6 $40) (32... Bf6 33. Bg5 $40 {/\} Bxd4 34. Re7
$18) 33. Nd5 Ne4 $8 (33... Nxb3 34. Re7 $18) 34. fxe4 $18 Re8 35. e5 $1 Bxe5 (
35... Rxe5 36. Qd8+ $18) (35... dxe5 36. Nf6+ $18) 36. Rxe5 dxe5 37. Nf6+ Kh8
38. Nxe8 (38. Nxe8 Qxe8 39. Qf6+ Kg8 40. Qg7# {[Stohl]}) 1-0

[Event "Tilburg"]
[Site "Tilburg"]
[Date "1994.??.??"]
[Round "1"]
[White "Ruban, Vadim"]
[Black "Smirin, Ilia"]
[Result "1/2-1/2"]
[WhiteElo "2560"]
[BlackElo "2615"]
[Annotator "Stohl,I"]
[PlyCount "96"]
[EventDate "1994.09.??"]
[EventType "k.o."]
[EventRounds "7"]
[EventCountry "NED"]
[SourceTitle "CBM 044"]
[Source "ChessBase"]
[SourceDate "1995.02.01"]
[SourceVersion "1"]
[SourceVersionDate "1995.02.01"]
[SourceQuality "1"]

1. d4 d6 2. e4 g6 3. f4 Bg7 4. Nf3 Bg4 $5 (4... Nf6 5. e5 (5. Nc3 {-B09}) 5...
Nd5 6. Bc4 c6 7. O-O O-O 8. Qe2 a5 9. a4 Na6 10. Qf2 Nac7 11. Qh4 b5 12. Bb3
bxa4 13. Bxa4 Bd7 14. c3 f6 15. Na3 Nb6 16. Bc2 Qc8 17. Qg3 Ne8 18. Bd2 c5 19.
Nh4 cxd4 20. cxd4 e6 21. Rac1 Qb8 22. Bb3 d5 23. Rf3 f5 $10 {Kozul,Z-Mohr,G/
Portoroz op/1994/}) 5. c3 (5. Be2 c5 6. dxc5 Qa5+ 7. Bd2 Qxc5 8. Bc3 Nf6 9.
Nbd2 Nc6 10. Nb3 Qb6 11. Nfd4 Bxe2 12. Qxe2 O-O 13. O-O-O a5 14. Rhe1 a4 15.
Nxc6 bxc6 16. Nd2 Rfb8 17. Nc4 Qb7 18. Qf3 d5 $15 {Thorsteinsson,T-Einarsson,H/
Reykjavik op/1988/}) 5... Nf6 $146 (5... Nd7 6. Nbd2 (6. h3 $142 Bxf3 7. Qxf3
$14) 6... e5 7. dxe5 dxe5 8. h3 Bxf3 9. Nxf3 Ngf6 10. Bc4 Qe7 11. fxe5 Nxe5 12.
Nxe5 Qxe5 13. O-O O-O 14. Bd5 c6 15. Bf4 Qe8 $15 {Chabanon,JL-Seret,JL/FRA-ch/
1991/}) (5... d5 $5 6. h3 Bxf3 7. Qxf3 dxe4 8. Qxe4 c6 9. Bd3 Nf6 10. Qf3 Qd5
11. Qe2 O-O 12. O-O e6 13. Be3 Nbd7 14. Rd1 Qa5 15. Qf3 Rfd8 16. Nd2 Qc7 17.
Bf2 c5 18. dxc5 Nxc5 19. Bc2 Nd5 20. g3 b5 21. a3 Nb6 22. Qe2 a6 $15 {Zaichik,
G-Azmayparashvili,Z/Jurmala-mm/1983/}) 6. h3 Bd7 (6... Bxf3 7. Qxf3 e5 8. dxe5
dxe5 9. f5 $14) 7. Bd3 O-O 8. O-O Na6 9. e5 (9. Qe2 c5 10. Bxa6 $5 (10. e5 Nd5
11. Bxa6 bxa6 12. Qxa6 cxd4 13. cxd4 Nb4 $13) (10. d5 Nc7 11. c4 e6 $132) 10...
bxa6 11. dxc5 dxc5 (11... Qc8 12. e5 $14) 12. e5 Nd5 13. c4 $36 {/\Be3,ק})
9... Nd5 10. c4 Nb6 (10... Ndb4 11. Be4 (11. Be2 $5) 11... c6 12. Nc3 (12. a3
d5 $1 $10) 12... Nc7 13. a3 {()}) 11. Nc3 c5 12. d5 e6 $5 (12... Nc7 13. exd6
exd6 14. f5 $1 $40) 13. a3 (13. exd6 exd5 14. Nxd5 (14. cxd5 c4 15. Bc2 Nc8 $13
) 14... Nxd5 15. cxd5 Qb8 $10 (15... b5 $5 $132)) 13... Nc7 $1 14. exd6 Ne8 15.
Be3 (15. Ne5 Nxd6 16. Be3 Rc8 $13) 15... exd5 (15... Rc8 $5 16. Ne5 (16. Ne4
exd5 (16... Bxb2 17. Ra2 $36) 17. Nxc5 Nxd6 $1 (17... dxc4 18. Nxb7 $14) 18.
Nxd7 Qxd7 $1 19. Bxb6 (19. c5 Nbc4 $36) 19... axb6 20. cxd5 Bxb2 $15) 16...
Nxd6 $10) 16. Bxc5 $1 (16. cxd5 c4 {/\Nd6=/+}) (16. Nxd5 Nxd5 17. cxd5 b6 $15 {
/\Bb2,Nd6}) 16... dxc4 17. Be4 $14 {[+],o^d6} (17. Bc2 $5 Qc8 18. Bd4 $36)
17... Qc8 18. Bd4 (18. Bxb6 $2 axb6 19. Nd5 Qc5+ $17) (18. Bf2 Qb8 19. Bc5 $8
Qc8) 18... Nf6 $8 (18... Nxd6 $2 19. Bxg7 Nxe4 20. Bxf8 $16) (18... Bxd4+ 19.
Qxd4 $16) 19. Qd2 Rd8 20. Be5 Bc6 21. Bxc6 (21. Bc2 Ne8 $1 {><d6}) 21... Qxc6
22. Rad1 Nbd7 23. Qd4 Re8 24. Rfe1 a6 (24... Qb6 25. Qxb6 axb6 26. Nb5 $36) 25.
Bxf6 $6 (25. Ne4 $1 $36) 25... Bxf6 26. Ne5 Qb6 $1 $8 27. Qxb6 Nxb6 28. d7 Re6
$1 (28... Red8 29. Ne4 Bxe5 30. fxe5 $16 {/\} Nxd7 $2 31. Rxd7) 29. Ne4 Be7 {
/\Rd8,f6} 30. Ng5 Bxg5 $8 31. fxg5 Rd8 {/\Kf8,e7,><d7} 32. Ng4 Rxe1+ 33. Rxe1
Kf8 $10 (33... Nxd7 34. Rd1 Kf8 {-33...Kf8}) 34. Ne5 Nxd7 35. Rd1 (35. Nxc4 f6
$10) 35... Ke7 36. Nxc4 b5 37. Re1+ (37. Ne3 Nb6 $1 $15 {׫}) 37... Kf8 38. Ne5
Nxe5 39. Rxe5 Rd2 40. b4 Rd3 (40... Ra2 41. Re3 $10) 41. a4 bxa4 42. Ra5 Rd6 (
42... a3 $5 43. Rxa6 Ke7 44. b5 Kd7 45. Kh2 Kc7 46. Rc6+ Kb7 47. Ra6 $10) 43.
Rxa4 Ke7 44. Ra5 Rb6 45. Kf2 Kd7 46. Ke3 Kc7 47. Rc5+ Kb7 48. Rc4 f6 (48... f6
49. gxf6 Rxf6 50. Re4 Kc6 $10) 1/2-1/2

[Event "Hoogovens"]
[Site "Wijk aan Zee"]
[Date "1994.01.??"]
[Round "9"]
[White "Van der Wiel, John"]
[Black "Hansen, Curt"]
[Result "0-1"]
[WhiteElo "2570"]
[BlackElo "2580"]
[Annotator "Stohl,I"]
[PlyCount "84"]
[EventDate "1994.01.21"]
[EventType "tourn"]
[EventRounds "9"]
[EventCountry "NED"]
[EventCategory "14"]
[SourceTitle "CBM 040"]
[Source "ChessBase"]
[SourceDate "1994.06.01"]
[SourceVersion "1"]
[SourceVersionDate "1994.06.01"]
[SourceQuality "1"]

1. e4 g6 2. d4 Bg7 3. Nc3 d6 4. Be3 (4. Bg5 a6 5. Qd2 b5 6. f3 Nd7 7. h4 $6 c5
8. dxc5 Nxc5 9. h5 Be6 10. h6 Be5 11. Nge2 Nf6 12. Bf4 Qc7 13. Bxe5 dxe5 14.
Nc1 O-O 15. Nd3 Rfd8 16. Qg5 Rd4 $1 17. Be2 Bc4 18. Nxe5 Ne6 19. Qg3 b4 20.
Bxc4 Rxc4 21. Ne2 Rxc2 22. Kf1 Rd8 {0-1/Milu,R-Zaitsev,I/Bucharest Ciocaltea/
1994/}) (4. Nf3 c6 5. Bg5 $6 Qb6 6. Rb1 Bg4 7. Be3 Bxf3 8. gxf3 Qc7 9. h4 e6
10. h5 d5 11. Qd2 Nd7 12. b4 Ngf6 13. h6 Bf8 14. Bf4 Qd8 15. Bd3 Be7 16. Ne2
O-O 17. c3 b5 18. Kf1 a5 19. a3 Nb6 20. Re1 Ne8 21. Be5 Nd6 22. Bg7 Ndc4 23.
Qc1 Re8 $17 {Polgar,J-Shirov,A/Linares/1994/}) 4... c6 (4... a6 5. Qd2 b5 6. a4
b4 7. Nd1 a5 8. c3 Nf6 9. Bd3 Na6 10. Bh6 O-O 11. h3 e5 12. Ne2 Re8 13. Bxg7
Kxg7 14. f3 d5 $1 15. Bb5 Bd7 16. dxe5 Rxe5 17. Qd4 Qe7 $15 {Kristjansson,
O-Petursson,M/Akureyri/1994/}) 5. Qd2 Nd7 6. f3 (6. h4 Ngf6 7. f3 h5 $5 8. Nh3
b5 9. Ng5 Qc7 10. O-O-O Nb6 11. e5 b4 12. Nb5 cxb5 13. exf6 exf6 14. Bxb5+ Bd7
15. Bxd7+ Qxd7 16. Nh3 Qa4 17. Kb1 O-O 18. g4 Rac8 19. Qd3 Nd5 20. Bd2 Rc6 $132
{Sokolin,L-Dzindzichashvili,R/New York Enhance/1993/}) 6... b5 7. a4 (7. h4 b4
8. Nd1 Qa5 9. Nf2 Rb8 10. h5 gxh5 11. Ne2 Ngf6 12. Ng3 Rg8 13. Nd3 Ba6 14. Kf2
Bxd3 15. Bxd3 c5 16. Nf5 Qc7 17. c3 bxc3 18. Nxg7+ Rxg7 19. bxc3 e5 20. Rab1
$44 {Topalov,V-Granda Zuniga,J/Groningen PCA/1993/}) 7... b4 8. Nd1 a5 (8...
Rb8 $5 9. Bd3 Ngf6 10. Ne2 O-O 11. O-O Qc7 12. c3 bxc3 13. bxc3 Qa5 $1 14. Bf2
Ba6 15. Ne3 c5 16. Rfd1 Rfc8 17. Bxa6 Qxa6 $15 {Anand,V-Mohr,S/Palma GMA-op/
1989/}) 9. c3 (9. g4 h5 $5 10. gxh5 Rxh5 11. Ne2 e5 12. Ng3 Rh7 13. Nf2 exd4
14. Bxd4 Ne5 15. Be2 c5 16. Be3 Ba6 17. O-O-O Bxe2 18. Qxe2 Qf6 19. f4 Nd7 20.
e5 dxe5 21. Rxd7 Kxd7 22. Nge4 Qc6 $17 {Pantev,V-Peev,P/BG-ch/1991/}) 9... bxc3
10. bxc3 Ngf6 11. Bd3 O-O 12. Ne2 (12. Bh6 e5 13. Bxg7 Kxg7 14. Ne2 d5 15. O-O
Qe7 16. Nf2 $10 {Jurasin,M-Cordes,H/BL 8182/1981/}) 12... e5 13. O-O d5 $10 14.
Nf2 (14. Bh6 $142 $5 Ba6 $10) 14... Ba6 15. Bxa6 Rxa6 16. Qa2 $6 (16. Bh6 $10)
(16. Bg5 $10) 16... Qc7 17. Rad1 (17. Rac1 Re8 $5 $15) 17... Raa8 18. Bc1 (18.
dxe5 Nxe5 19. Bc5 Rfe8 $15) 18... dxe4 $1 19. fxe4 h5 20. Kh1 Rfe8 {><e4} 21.
dxe5 (21. d5 Nc5 $17) (21. Ng3 $2 h4 $17) (21. Qc2 $142 $5) 21... Nxe5 22. Bf4
Qe7 $17 23. Nd4 Nfd7 24. Nh3 (24. Rfe1 Qc5 25. Qc2 Qc4 $17) 24... Qc5 25. Nf3
Ra7 $1 26. Nhg5 Qc4 27. Qf2 (27. Qxc4 Nxc4 $17 {/\f6,Nb2}) 27... Rb7 28. Qd4
Qxd4 $1 (28... Qb3 $17) 29. cxd4 Nxf3 30. gxf3 Nb6 {><a4,d4} 31. Rb1 (31. d5
cxd5 32. exd5 Nxa4 33. d6 Nc3 $17) (31. Rd2 Nxa4 32. Ra1 Rb4 33. Bd6 Rc4 $17)
31... Bxd4 32. Rfc1 c5 $19 33. Rb5 f6 34. Nh3 Ree7 35. Bd6 (35. Rxa5 Ra7 36.
Rxa7 Rxa7 $19 {פh3,Kh1}) 35... Nxa4 $1 36. Rxa5 Red7 37. Bg3 (37. Rxa4 Rxd6
$19 {->/\Rb2}) 37... Nc3 38. Nf4 Kf7 39. Be1 Be3 $1 40. Rxc3 Bxf4 41. Kg2 (41.
Raxc5 Rb1 $19) 41... Rb2+ 42. Kf1 Rb1 {/\Re1,Rdd1,Bd2} 0-1